00611nam a2200193Ia 4500003000900000008004100009020001800050040001600068080001600084100002400100245008700124260003300211300001600244650001400260650002600274942000700300999001700307952009300324IN-BaIIA211028s9999 xx 000 0 eng d a0-08-016747-0 cIIA Library a531.19bPAT aPathria, R. K99893 0aStatistical mechanicscR. K Pathria  aOxfordbPergamon Pressc1972 axiii, 527p. aMechanics aStatistical mechanics cBK c11562d11562 00104070aBANbBANcGENd1995-11-13l0o531.19/ PATp12477r2021-11-05w1995-11-13yBK